| 000 | 006510000a22002290004500 | ||
|---|---|---|---|
| 003 | LK-CoMWRAF | ||
| 005 | 20231030125643.0 | ||
| 008 | 230817t2001 ||||| |||| 00| 0 eng d | ||
| 020 | _a01928933007 | ||
| 040 |
_aLK-CoMWRAF _dLK-CoMWRAF _eLK-CoMWRAF |
||
| 041 | _aeng | ||
| 082 |
_a330.01 _bSEN |
||
| 100 | _aSen, Amartya | ||
| 245 | _aDevelopment as Freedom | ||
| 260 |
_aNew York: _bOxford University press, _c2001 |
||
| 300 |
_axvi, 366 p. ; 24 cm _bIndex included |
||
| 650 | _aECONOMIC DEVELOPMENT-Social aspects. | ||
| 650 | _aLiberty | ||
| 650 | _aFree enterprise | ||
| 650 | _a Developing countries--Economic conditions | ||
| 942 | _cBK | ||
| 999 |
_c1656 _d1656 |
||